Match The MLB Player To The Team - Statistics

General Stats
  • This quiz has been taken 23 times
  • The average score is 20 of 30
Answer Stats
Hint Answer % Correct
Pete Alonso Mets
94%
Kyle Tucker Astros
83%
Freddie Freeman Dodgers
83%
Alec Bohm Phillies
83%
Elly De La Cruz Reds
83%
Juan Soto Yankees
83%
Nolan Arenado Cardinals
78%
Dansby Swanson Cubs
72%
Lourdes Gurriel Diamondbacks
72%
Anthony Santander Orioles
72%
Randy Arozarena Rays
72%
Bobby Witt Jr. Royals
72%
Rhys Hoskins Brewers
67%
Rafael Devers Red Sox
67%
Carlos Correa Twins
67%
Zach Neto Angels
61%
George Springer Blue Jays
61%
Orlando Arcia Braves
61%
Josh Naylor Guardians
61%
J.P. Crawford Mariners
61%
Ha-Seong Kim Padres
61%
Bryan Reynolds Pirates
61%
Brendan Rodgers Rockies
61%
Andrew Benitnendi White Sox
61%
Bryan De La Cruz Marlins
50%
Ezequiel Duran Rangers
50%
Mitch Spence Athletics
44%
Jacob Young Nationals
44%
Zach McKinstry Tigers
44%
Jorge Soler Giants
33%
No matching quizzes found
Score Distribution
Percent of People with Each Score
Percentile by Number Answered
Your Score History
You have not taken this quiz